00600nam a2200157Ia 4500003000400000005001700004008004100021040001800062041000800080100006100088245010500149260003700254942001300291999001900304952011900323OSt20260123112752.0211028s2016 xx 000 0 und d cAIMIT LIBRARY aeng aD Souza, Melissa Rishel; Kairanna, Sneha.g141608397504 aStudy on the customer petception of e-banking services at StateBank of India Mangalore main branch / aMangalorebSneha Kairanna.c2016 2ddccPRO c219072d219072 00102ddc40718PR_MBAaAIMITbAIMITd2021-10-28eMBAl0pPRB01154r2021-10-28 00:00:00t1416083w2021-10-28yPRO